The O''Leary Series: Microsoft Office Word 2003 Brief

Đã lưu trong:
书目详细资料
主要作者:  O''Leary, Timothy J
格式: Sách
语言:Undetermined
出版:  McGraw-Hill Technology Education  2004
主题:
标签: 添加标签
没有标签, 成为第一个标记此记录!
Thư viện lưu trữ: Trung tâm Thư viện - Trường Đại học Công nghiệp TP. Hồ Chí Minh
LEADER 00552nam a2200157Ia 4500
001 UIH_05735
008 231011s9999 xx 000 0 und d
082 |a  005.3 
100 |a  O''Leary, Timothy J 
245 0 |a  The O''Leary Series: Microsoft Office Word 2003 Brief 
245 0 |c  O''Leary, Timothy J 
260 |b  McGraw-Hill Technology Education 
260 |c  2004 
650 |a  Microsoft office(Chương trình máy tính);  
927 |a Sách 
980 |a Trung tâm Thư viện - Trường Đại học Công nghiệp TP. Hồ Chí Minh